| 000 | 00655nam a2200217 a 4500 | ||
|---|---|---|---|
| 001 | 12598 | ||
| 003 | CO-ViMGA | ||
| 008 | 141112s2004 ck r 000 u spa d | ||
| 020 | _a9589061346 | ||
| 040 |
_aCO-ViMGA _bspa _cCO-ViMGA |
||
| 082 | 0 | 4 | _a320.973 G17d |
| 100 | 1 |
_aGaspar, Edmund _918188 |
|
| 245 | 1 | 0 | _aLa Diplomacia y política NorteAméricana en América Latina |
| 250 | _a1 | ||
| 260 |
_aBogotá : _bCerec, _c1989 |
||
| 300 | _a121p. | ||
| 650 | 1 | 4 |
_aCONFLICTO POLITICO - ECONOMICO _918189 |
| 650 | 1 | 4 |
_aDIPLOMACIA NORTEAméricaNA EN LatinoaméricanaERA DEL IMPERIALISMO _918190 |
| 650 | 1 | 4 |
_aSISTEMA INTERAméricaNO _918191 |
| 942 |
_2ddc _cBK |
||
| 999 |
_c23592 _d23592 |
||